000
00224nam a2200097Ia 4500
005
20251222154410.0
008
251222s9999||||xx |||||||||||||| ||spa||
082
_a
709.022/D16
245
0
_a
Los siglos del Gético
942
_c
LIB
999
_c
35614
_d
35614